Rock & Metal Band Abbreviations - Statistics

General Stats
  • This quiz has been taken 100 times
  • The average score is 42 of 100
Answer Stats
Hint Answer % Correct
PF Another Brick in the Wall, Part 2 Pink Floyd
94%
Q Somebody to Love Queen
91%
GNR Sweet Child ‘O Mine Guns ‘N’ Roses
90%
BJ Livin’ on a Prayer Bon Jovi
88%
LZ Stairway to Heaven Led Zeppelin
88%
GD Boulevard of Broken Dreams Green Day
86%
BS War Pigs Black Sabbath
83%
K I Was Made For Lovin’ You Kiss
83%
R Creep Radiohead
83%
RHCP Californication Red Hot Chili Peppers
83%
VH Jump Van Halen
83%
A Dream On Aerosmith
81%
DP Smoke on the Water Deep Purple
81%
M Ride The Lightning Metallica
78%
M Ace of Spades Motörhead
78%
LS Sweet Home Alabama Lynyrd Skynyrd
75%
DL Pour Some Sugar On Me Def Leppard
74%
SOAD Toxicity System Of A Down
74%
JP Breaking The Law Judas Priest
73%
K Freak on a Leash Korn
72%
E Bring Me To Life Evanescence
70%
TP Roxanne The Police
70%
AIC Man in a Box Alice In Chains
68%
B Song 2 Blur
67%
MC Kickstart My Heart Mötley Crüe
65%
R Blitzkrieg Bop Ramones
64%
TC Rock The Casbah The Clash
64%
TK Mr. Brightside The Killers
63%
DS Money For Nothing Dire Straits
61%
O Roll With It Oasis
61%
C My Sacrifice Creed
60%
GGD Iris Goo Goo Dolls
60%
IM Fear of the Dark Iron Maiden
60%
M Symphony of Destruction Megadeth
59%
RATM Renegades of Funk Rage Against The Machine
59%
FF Best of You Foo Fighters
58%
MCR Welcome to the Black Parade My Chemical Romance
57%
TSP 1979 The Smashing Pumpkins
56%
AS Hail to the King Avenged Sevenfold
53%
B Heart of Glass Blondie
53%
CCR Have You Ever Seen The Rain? Creedence Clearwater Revival
53%
N Lounge Act Nirvana
53%
TW Behind Blue Eyes The Who
53%
S Psychosocial Slipknot
52%
W Say It Ain’t So Weezer
52%
TSP God Save The Queen The Sex Pistols
51%
AAF Smooth Criminal Alien Ant Farm
49%
N Rockstar Nickelback
48%
QOTSA Song for the Dead Queens Of The Stone Age
48%
AM 505 Arctic Monkeys
47%
W Is This Love Whitesnake
47%
LB Take a Look Around Limp Bizkit
45%
P Cemetery Gates Pantera
43%
G Land of Confusion Genesis
41%
LP Burn It Down Linkin Park
41%
FFDP Wash It All Away Five Finger Death Punch
39%
BMTH Throne Bring Me The Horizon
36%
PJ Yellow Ledbetter Pearl Jam
34%
TDG Animal I Have Become Three Days Grace
34%
KOL Be Somebody Kings Of Leon
33%
P Still Into You Paramore
31%
TRS She’s A Rainbow The Rolling Stones
31%
BFMV Waking The Demon Bullet For My Valentine
30%
FOB The Phoenix Fall Out Boy
26%
T Sober Tool
25%
S Mama Weer All Crazee Now Slade
23%
PTV Bulls in the Bronx Pierce The Veil
22%
TD Tribute Tenacious D
20%
GC Lifestyles of the Rich & Famous Good Charlotte
19%
D Cherry Waves Deftones
18%
H I Miss The Misery Halestorm
18%
FIR Popular Monster Falling In Reverse
16%
P Every You, Every Me Placebo
16%
BB The Diary of Jane Breaking Benjamin
14%
G The World Is Not Enough Garbage
14%
MSP Motorcycle Emptiness Manic Street Preachers
11%
MM Verbatim Mother Mother
10%
PB Ça Plane Pour Moi Plastic Bertrand
10%
TS No More Heroes The Stranglers
9%
RB Out of the Black Royal Blood
8%
SP Community Property Steel Panther
8%
TH Come On! The Hives
8%
BSC When The Pain Comes Black Stone Cherry
7%
S A Symptom of Being Human Shinedown
7%
SS Bother Stone Sour
7%
TFK Courtesy Call Thousand Foot Krutch
6%
AB Isolation Alter Bridge
5%
MDD Pornstar Dancing My Darkest Days
5%
S Whispers In The Dark Skillet
5%
TOAD Dinosaur Theory Of A Deadman
5%
TPR Take Me Down The Pretty Reckless
5%
BC Dark Side Blind Channel
3%
T Inner Smile Texas
3%
TC The Only One I Know The Charlatans
3%
ASD Drown The City A Skylit Drive
2%
BBB Theory Buzzard Buzzard Buzzard
1%
SA Wolf Saint Asonia
1%
S F. N. T Semisonic
1%
TM Stray The Mysterines
1%
BC Space Biffy Clyro
0%
No matching quizzes found
Score Distribution
Percent of People with Each Score
Percentile by Number Answered
Your Score History
You have not taken this quiz